000 nam a22 7a 4500
999 _c9478
_d9478
008 180131b ||||| |||| 00| 0 eng d
100 _aJain, S
_95673
245 _aTogether with mathematics -II
260 _aNew Delhi
_bRachna Sagar publication
_c2007